Blocs Minecraft par images - Statistiques

Statistiques générales
  • Ce quiz a été pris 339 fois
  • Le résultat moyen est 13 sur 16
Statistiques - réponses
Par images Réponse % Correct
Minerai de Fer
95%
Minerai d’Or
95%
Terre
95%
Poudre de Redstone
94%
Minerai de Diamant
93%
Ruche
92%
Silex
92%
Trident
92%
Bloc de Magma
90%
Lapis-Lazuli
90%
Lingot de Cuivre
89%
Houe en bois
87%
Netherrack
68%
Tronc d’Acacia
67%
Obsidienne Pleureuse
60%
Tailleur de pierres
36%
Aucun quiz correspondant
Distribution des résultats
% des personnes avec chaque résultat
Percentile par nombre de réponses
Votre historique - résultats
Vous n’avez pas pris ce quiz